000 00886nam a22001937a 4500
003 BUBTL
008 190430b xxu||||| |||| 00| 0 eng d
020 _a984-70124-01750
082 _a954.92 / HOB
100 _92309
_aহোসেন, আবু মো. দেলোয়ার
245 _aবঙ্গবন্ধুর মানবাধিকার দর্শন :
_bবক্তৃতার সারসংক্ষেপ ও সংবাদ- ভাষ্য /
_cআবু মো. দেলোয়ার হোসেন
260 _aঢাকা :
_bজাতীয় মানবাধিকার কমিশন,
_cc2013
300 _a27 p. :
_c22 cm.
650 0 _91755
_aমুক্তিযুদ্ধ
700 _92310
_aউল্লাহ, মো.রহমত
856 _k0
_l0
_yDownload
942 _2ddc
_cBK
999 _c6009
_d6009